Musicals by Wikipedia description - Statistics

General Stats
  • This quiz has been taken 59 times
  • The average score is 8 of 15
Answer Stats
Hint Answer % Correct
Inspired by William Shakespeare's play Romeo and Juliet, the story is set in the mid-1950s on the Upper West Side of Manhattan in New York City, then a multiracial, blue-collar neighborhood. West Side Story
94%
It is loosely based on the 1995 novel of the same name by Gregory Maguire, which itself was based on the 1900 novel The Wonderful Wizard of Oz by L. Frank Baum and its 1939 film adaptation. Wicked
87%
It was adapted as a 1965 film starring Julie Andrews and Christopher Plummer, which won five Academy Awards, including Best Picture. The Sound of Music
81%
[musical] is the longest running show in Broadway history, and celebrated its 10,000th performance on 11 February 2012, becoming the first Broadway production in history to do so. The Phantom of the Opera
74%
Fosse directed and choreographed the original production, and his style is strongly identified with the show. Chicago
50%
It was not until 1996 that [musical] came to the big screen. Alan Parker directed the film, with Madonna in the title role Evita
48%
[musical] provides a glimpse into the personalities of the performers and the choreographer, as they describe the events that have shaped their lives and their decisions to become dancers. A Chorus Line
46%
Reviewers gave the original production uniformly glowing reviews; one critic called it "South Terrific". South Pacific
46%
It is based on the play I Am a Camera by John Van Druten, premiered in 1951, which in turn was based on the 1939 novel Goodbye to Berlin by Christopher Isherwood. Cabaret
44%
The musical's plot relates the experiences of Anna, a British schoolteacher who is hired as part of the King's drive to modernize his country. The King and I
44%
It is based on "Tevye the Dairyman" and other short stories by Sholem Aleichem. Fiddler on the Roof
41%
[musical] is the first musical written by the duo of Rodgers and Hammerstein. Oklahoma!
39%
[musical] is set in the fictional town of River City, Iowa, in 1912. The town is based in large part on Willson's birthplace, Mason City, Iowa, and many of the musical's characters are based on people that Willson observed in the town. The Music Man
31%
Although the protagonists were not intended to represent any real individuals, the character of the American grandmaster was loosely based on Bobby Fischer Chess
30%
The show is structured as a series of parables, primarily based on the Gospel of Matthew, interspersed with music mostly set to lyrics from traditional hymns, with the passion of Christ appearing briefly near the end Godspell
28%
No matching quizzes found
Score Distribution
Percent of People with Each Score
Percentile by Number Answered
Your Score History
You have not taken this quiz